00346nam a22001217a 450000500170000002000220001703500130003903700130005210000180006524500630008326000530014630000250019920120410150159.0 a812150631Xc00.00 aA-715610 aDPLbENG aConze, Edward aBuddhism :bIts essence and development /cby Edward Conze aNew DelhibMunshiram Manoharlal Publishersc1994 aviii, 212p.c18 cms.